| 000 | 00569nam a22001577a 4500 | ||
|---|---|---|---|
| 999 |
_c12166 _d12166 |
||
| 008 | 190117b ||||| |||| 00| 0 eng d | ||
| 082 |
_22018 _aUT 1111 _bL64 |
||
| 100 |
_aLindayao, Joy _934461 |
||
| 245 |
_aLog's data analytics for internet usage of UMDC using pagerank algorithm / _cJoy Lindayao and Qbert Osol |
||
| 260 |
_aDigos City: _bUMDC, _cApril 2018. |
||
| 300 |
_a142 pages; _c30 cm. |
||
| 650 |
_aTechnical Program. _vInformation Technology _xUndergraduate thesis. _934462 |
||
| 700 |
_aLindayao, Joy _934463 |
||
| 700 |
_aOsol, Qbert _933346 |
||
| 942 |
_2ddc _cUT |
||